| 000 -LEADER | |
|---|---|
| fixed length control field | 00414nam a22001337a 4500 |
| 020 ## - INTERNATIONAL STANDARD BOOK NUMBER | |
| ISBN | 0880701730 |
| 050 ## - LIBRARY OF CONGRESS CALL NUMBER | |
| Classification number | HQ 767.35 fow |
| 100 ## - MAIN ENTRY--AUTHOR NAME | |
| Personal name | FOWLER, Paul F. |
| 245 ## - TITLE STATEMENT | |
| Title | Abortion : toward an evangelical consensus |
| 260 ## - PUBLICATION, DISTRIBUTION, ETC. (IMPRINT) | |
| Place of publication | Portland, Or |
| Name of publisher | Multnomah Press |
| Year of publication | 1987 |
| 300 ## - PHYSICAL DESCRIPTION | |
| Number of Pages | 225 pages. : index |
| 650 ## - SUBJECT ADDED ENTRY--TOPICAL TERM | |
| Topical Term | Abortion-religious aspects-christianity |
| -- | Evangelism-United States |
| -- | Abortion-United States |
| 942 ## - ADDED ENTRY ELEMENTS (KOHA) | |
| Koha item type | Books |
| Koha item type | Collection code | Shelving location | Accession Number | Permanent Location | Current Location | Date acquired | Full call number |
|---|---|---|---|---|---|---|---|
| Books | Lending | Lending | 3706 | Chapman Library | Chapman Library | 2017-02-11 | HQ 767.35 fow |

